000 00806nam a22002657a 4500
001 BR9507560
003 BR-BrBNA
005 20230928094724.0
007 ta
008 230509b bl.||||| |||| 00| 0 por d
040 _aBR-BrBNA
_bpor
_cBiblioteca Nacional de Agricultura
041 _a(Por)
072 _aE14
090 _ E14 BR9507560
100 1 _aHoyos, L.E.A.
110 1 _aEmpresa Brasileira de Pesquisa Agropecuaria, Brasilia, DF (Brasil). Depto. de Difusao de Tecnologia
_93839
245 1 _aPerfil das revistas brasileiras de ciencia e tecnologia
260 3 _aBrasilia, DF (Brasil):
_c1985.
300 _a24 p.
500 _a18 ref.; 8 tables
650 _aTransferencia de Tecnologia
650 _aDesenvolvimento Agricola
909 _a202309
_bLucia
_c55
_dLucia Elande
942 _cBK
999 _c52272
_d52272